LEADER 00958nam0 2200277 450 001 000041787 005 20151124120940.0 010 $a978-2-35088-020-4 100 $a20151019d2009----km-y0itaa50------ba 101 0 $afre 102 $aFR 200 1 $aCritique de la raison photographique$fJérôme Thélot 210 $aParis$cEncre marine$d2009 215 $a125 p.$d23 cm 606 1 $aFotografia$xFilosofia 676 $a770.1$v(22. ed.)$9Fotografia. Filosofia e teoria 700 1$aThélot,$bJérôme$0758282 801 0$aIT$bUniversità della Basilicata - B.I.A.$gREICAT$2unimarc 912 $a000041787 996 $aCritique de la raison photographique$91531222 997 $aUNIBAS BAS $aLETTERE CAT $aMDL$b30$c20151019$lBAS01$h1446 CAT $aMDL$b30$c20151124$lBAS01$h1209 FMT Z30 -1$lBAS01$LBAS01$mBOOK$1BASA1$APolo Storico-Umanistico$2DID$BDidattica$3FM/114210$6114210$5L114210$820151019$f04$FPrestabile Didattica